000 01064cam a22003254a 4500
001 14546540
005 20171221082817.0
008 060907s2007 gw a f 001 0 eng
010 _a 2006029787
016 7 _a101286878
_2DNLM
020 _a3131261625 (GTV : alk. paper)
020 _a9783131261625 (GTV : alk. paper)
020 _a1588905551 (TNY : alk. paper)
020 _a9781588905550 (TNY : alk. paper)
035 _a(OCoLC)ocm71328350
035 _a(OCoLC)71328350
040 _aDNLM/DLC
_cDLC
_dYDX
_dNLM
_dBAKER
_dJDR
_dYDXCP
_dBTCTA
_dDLC
041 1 _aeng
042 _apcc
060 1 0 _aWW 140
_bL269a 2007a
080 _a617.7 LAN
082 0 0 _a617.7 LAN
_222
100 1 _a8
101 _aOFT
240 1 0 _aAugenheilkunde.
_lEnglish
245 1 0 _aOphthalmology :
_cGerhard K. Lang ; with contributions by Oskar Gareis ... [et al.].
906 _a7
_bcbc
_corignew
_d1
_eecip
_f20
_gy-gencatlg
942 _2ddc
_cBK
999 _c39278
_d39278